000 00496nam a22001937a 4500
003 MPLRDC
005 20220104142709.0
008 210129b ||||| |||| 00| 0 eng d
020 _a957-808-923-6
082 _a889 LQXL v.527
100 _aJULIE BEARD
245 _a真情圣战
_c秋水译
250 _a初版
260 _a
_b希代书版股份有限公司
_c1998
300 _b
490 _a柔情系列. 527
650 _a西洋小说之中文翻译
942 _cBK
_o889 LQXL v.527
999 _c32980
_d32970